Molecular techniques in crop improvement

This book provides comprehensive information on the latest tools and techniques of molecular genetics and their applications in crop improvement. Advanced techniques used in molecular markers, QTL mapping, marker-assisted breeding and molecular cytogenetics have been thoroughly discussed

Đã lưu trong:
書目詳細資料
格式: 圖書
語言:Undetermined
出版: Boston Kluwer Academic Publishers 2002
主題:
標簽: 添加標簽
沒有標簽, 成為第一個標記此記錄!
Thư viện lưu trữ: Trung tâm Học liệu Trường Đại học Cần Thơ
LEADER 01016nam a2200217Ia 4500
001 CTU_192429
008 210402s9999 xx 000 0 und d
082 |a 631.5233 
082 |b M718 
245 0 |a Molecular techniques in crop improvement 
245 0 |c Edited by S. Mohan Jain, D.S. Brar, and B.S. Ahloowalia. 
260 |a Boston 
260 |b Kluwer Academic Publishers 
260 |c 2002 
520 |a This book provides comprehensive information on the latest tools and techniques of molecular genetics and their applications in crop improvement. Advanced techniques used in molecular markers, QTL mapping, marker-assisted breeding and molecular cytogenetics have been thoroughly discussed 
526 |a Kỹ thuật di truyền phần tử trong công tác giống cây trồng 
526 |b NNG615 
650 |a Crops,Crop improvement.,Cải tiến cây trồng 
650 |x Genetic engineering. 
904 |i Tuyến 
980 |a Trung tâm Học liệu Trường Đại học Cần Thơ